State of the world's forests

Bibliographic Details
Format: Book
Published: Rome : Food and Agriculture Organization of the United Nations , 2011
Subjects:

MARC

LEADER 00000cam a2200000 7i4500
001 0000003831
005 20110718.0
090 0 0 |a 634.9   |b STA 
245 0 0 |a State of the world's forests 
260 0 0 |a Rome :   |b Food and Agriculture Organization of the United Nations ,   |c 2011 
300 |a xii. :   |b col. ill. ;   |c 30 cm. 
504 0 0 |a Includesbibliographies 
650 0 0 |a Forests and forestry   |x Periodicals 
999 |a 0000007656   |b Annual Report   |c Open Shelf   |e Default branch